00565cam a22002171 4500001001300000003000400013005001700017008004100034010001700075035002000092040001800112042001200130050001600142100001900158245006100177260001000238300001900248500001500267650004800282999001700330ne 68001556 DLC20260227111841.0890331q xx 000 0 ara  ane 68001556  a(OCoLC)23499497 aDLCcMiUdDLC apremarc00aPJ6670b.A91 aAtihe, Rachid.13aal-Dalīl ilā murādif al-ʻāmmī wa-al-dakhīl. c.1898 a364 p.c21 cm. aRomanized. 0aArabic languagexForeign words and phrases. c50327d50327